000 00391nam a2200157Ia 4500
008 230312s9999||||xx |||||||||||||| ||und||
020 _a81-312-0668-3
082 _a621.46
_bHUG-E
100 _aHughes;Austin
245 0 _aElectric Motors and Drives
260 _bElsevier
_aUSA
_c2011
300 _a410
546 _aEng.
650 _aEngineering
_vElectric Motors and Drives
942 _cBK
999 _c7488
_d7488